000 00695nam a2200217 i 4500
001 C2-0191062
003 PPAK
005 20180728095729.0
008 990102s my |||| ||||| | zxx d
040 _aPPAK
_beng
_cPPAK
_erda
082 0 4 _a959.5
_2 23
090 0 0 _a959.5
_bPER
_dKWI
245 0 0 _aPerlembagaan Persatuan Sejarah Malaysia =
_bConstitution of the Malaysian Historical Society
264 1 _aKuala Lumpur :
_bPersatuan Sejarah Malaysia ,
_c[date of publication not identified]
300 _a38 pages ;
_c18 cm
336 _2rdacontent
_atext
337 _2rdamedia
_aunmediated
338 _2rdacarrier
_avolume
650 1 0 _aConstitution-Historical society
942 _ddc
_cB
999 _c156283
_d156283